书目信息 |
| 题名: |
课程建设成果汇编
|
|
| 作者: | ;镇江师范专科学校教务处 编 | |
| 分册: | ||
| 出版信息: | 不详 镇江师范专科学校教务处 不详 |
|
| 页数: | 313页 | |
| 开本: | 20cm | |
| 丛书名: | ||
| 单 册: | ||
| 中图分类: | G642.3 | |
| 科图分类: | ||
| 主题词: | 高等教育--课程--汇编 | |
| 电子资源: | ||
| ISBN: | ||
| 000 | 00608nam0 2200169 450 | |
| 001 | 0762011280 | |
| 005 | 20070804101644.84 | |
| 100 | @a20070619d km y0chiy0120 ea | |
| 101 | 0 | @achi |
| 200 | 1 | @a课程建设成果汇编@Ake cheng jian she cheng guo hui bian@f镇江师范专科学校教务处编@Fzhen jiang shi fan zhuan ke xue xiao jiao wu chu bian |
| 210 | @a不详@c镇江师范专科学校教务处@d不详 | |
| 215 | @a313页@d20cm | |
| 606 | 0 | @a高等教育@x课程@x汇编 |
| 690 | @aG642.3@v3 | |
| 711 | 02 | @a镇江师范专科学校教务处@Azhen jiang shi fan zhuan ke xue xiao jiao wu chu@4编 |
| 801 | 0 | @aCN@bPFT@c20070804 |
| 905 | @a10447@dG642.3@e334 | |
| 课程建设成果汇编/镇江师范专科学校教务处编.-不详:镇江师范专科学校教务处,不详 |
| 313页;20cm |
| ISBN : |
| ● |
| 相关链接 |
|
|
|
|
正题名:课程建设成果汇编
索取号:G642.3/334
 
预约/预借
| 序号 | 登录号 | 条形码 | 馆藏地/架位号 | 状态 | 备注 |
| 1 | 0654014 | 206540144 | 第一样本阅览室/ [索取号:G642.3/334] | 在馆 | |
| 2 | 0791225 | 207912259 | 密集书库/ [索取号:G642.3/334] | 在馆 |